000 00862cam a2200181 4500
001 ABS60920
008 000000n1999 000 0 eng u
035 _a(Sirsi) u101459
100 _aMaguire, J.
245 _aCondition monitoring of structures: a briefing note for clients and owners.
260 _c1999
490 _aProceedings of the Institution of Civil Engineers
_vStructures and Buildings 134(3) August 1999, 279-280(2)
520 _aAn introduction to condition monitoring of structures. Gives a definition of condition monitoring and discusses the benefits of installing a condition monitoring system. Although the article is aimed at clients and owners, it may also be useful to designers and contractors.
650 _aCONDITION MONITORING
650 _aBUILDING PERFORMANCE
690 _aBUILT ENVIRONMENT-BUILDING INSPECTION
942 _n0
999 _c60593
_d60593